Guess the Sabrina Carpenter song 3 (no hints) - Statistics

General Stats
  • This quiz has been taken 100 times
  • The average score is 204 of 321
Answer Stats
Answer % Correct
I
100%
you
93%
you,
93%
a
92%
me
88%
me,
88%
the
84%
your
84%
and
82%
And
82%
love
81%
To
78%
to
78%
I'm
77%
my
77%
My
77%
when
77%
be
76%
you're
74%
that
72%
don't
70%
so
70%
So
70%
of
68%
for
66%
But
65%
if
65%
(if
65%
If
65%
I'll
65%
just
65%
want
65%
are
64%
know
64%
Oh,
64%
(oh)
64%
oh
64%
(oh,
64%
(oh
64%
oh)
64%
what
64%
like
62%
need
62%
need)
62%
woman
61%
woman,
61%
busy
59%
Busy
59%
one
59%
any
58%
off,
58%
all
57%
baby,
57%
didn't
57%
with
57%
down,
55%
well,
55%
Well,
55%
Yeah,
55%
come
54%
into
54%
mature,
54%
time
54%
us
54%
anyway
53%
get
53%
little
53%
night
53%
over
53%
place
53%
clothes
51%
collected,
51%
life
51%
coming
50%
sensible
50%
that's
50%
turn
50%
bitch-ass
49%
'Cause
49%
could
49%
day
49%
gay
49%
tell
49%
let
47%
perfect
47%
Except
46%
rejection
46%
someone
46%
dies
45%
kisses,
45%
missus
45%
at
43%
deem
43%
hit
43%
rest
43%
'Til
43%
wouldn't
43%
call
42%
unethical
42%
calendar
41%
scared
41%
flexible,
39%
much
39%
namaste
39%
unless
39%
hey
38%
hey)
38%
lipstick
38%
tight
38%
yoga,
38%
(ah
36%
ah
36%
ah)
36%
Ah
36%
reapply
36%
shave
36%
super
35%
though,
35%
accommodate
34%
openings
32%
Tantric
31%
Maybe
27%
Right,
11%
No matching quizzes found
Score Distribution
Percent of People with Each Score
Percentile by Number Answered
Your Score History
You have not taken this quiz